Statistics for Every UFC Title Fight of 2019

Click here to take the quiz!

General Stats

  • This quiz has been taken 78 times
  • The average score is 31 of 38

Answer Stats

EventWeight ClassAnswer% Correct
UFC 236MiddleweightIsrael Adesanya
97%
UFC 243MiddleweightIsrael Adesanya
97%
UFC 242LightweightKhabib Nurmagomedov
97%
UFC 241HeavyweightStipe Miocic
97%
UFC 241HeavyweightDaniel Cormier
95%
UFC 238BantamweightHenry Cejudo
95%
UFC Fight Night 143FlyweightHenry Cejudo
95%
UFC 235Light HeavyweightJon Jones
95%
UFC 239Light HeavyweightJon Jones
95%
UFC 235WelterweightKamaru Usman
95%
UFC 245WelterweightKamaru Usman
95%
UFC 236LightweightMax Holloway
95%
UFC 245FeatherweightMax Holloway
95%
UFC 240FeatherweightMax Holloway
95%
UFC 245FeatherweightAlexander Volkanovski
94%
UFC 236LightweightDustin Poirier
92%
UFC 242LightweightDustin Poirier
92%
UFC 245Women's BantamweightAmanda Nunes
91%
UFC 239Women's BantamweightAmanda Nunes
91%
UFC 245WelterweightColby Covington
91%
UFC 243MiddleweightRobert Whittaker
91%
UFC 235WelterweightTyron Woodley
86%
UFC Fight Night 156Women's FlyweightValentina Shevchenko
82%
UFC 238Women's FlyweightValentina Shevchenko
82%
UFC Fight Night 143FlyweightT.J. Dillashaw
77%
UFC 236MiddleweightKelvin Gastelum
74%
UFC 237Women's StrawweightRose Namajunas
74%
UFC 239Light HeavyweightThiago Santos
68%
UFC Fight Night 157Women's StrawweightZhang Weili
68%
UFC 239Women's BantamweightHolly Holm
65%
UFC Fight Night 157Women's StrawweightJessica Andrade
65%
UFC 237Women's StrawweightJessica Andrade
65%
UFC 235Light HeavyweightAnthony Smith
62%
UFC 238BantamweightMarlon Moraes
57%
UFC 240FeatherweightFrankie Edgar
49%
UFC 238Women's FlyweightJessica Eye
43%
UFC 245Women's BantamweightGermaine de Randamie
42%
UFC Fight Night 156Women's FlyweightLiz Carmouche
18%

Score Distribution

Percentile by Number Answered

Percent of People with Each Score

Your Score History

You have not taken this quiz